00411nam a2200133Ia 450000500170000000800460001703700120006304000200007504100130009508400090010824500850011726000650020230000100026720250923150032.0008 250917s9999 xx 000 0 eng d aTextual aDSWLbengcDSWL aeng2eng qDSWL 0aPolitical culture and institutions for a world community 1998 copenhagen seminar aCopenhagen b Royal Danish Ministry of Foreign Affairsc1999 a78 p.